000 00539nam a2200169Ia 4500
003 GCL
008 140319s9999 xx 000 0 ara d
040 _aGCL /
_cGCL
082 0 4 _a811.07
_bم ا
100 1 _aمحمد مهدى الجواهرى
245 1 0 _aايها الارق (هدية من الاديب عبدالفتاح الجمل) /
_cمحمد مهدى الجواهرى
300 _a130 ص
490 _a
650 0 4 _aالشعر العربى
650 0 4 _aالشعر العربى - دواوين وقصائد
942 _2ddc
_cBK
999 _c38713
_d38713